| 000 | 00791nam a2200217Ia 4500 | ||
|---|---|---|---|
| 008 | 130821s1999 ck gr spa | ||
| 020 | _a958655385x | ||
| 040 |
_aCo-BoUCM _bspa |
||
| 041 | 0 | 0 | _aspa |
| 060 |
_aWA 30 _25 |
||
| 245 | 1 | 0 |
_aSalud y enfermedad lecturas básicas en sociología de la medicina _cCompiladora Carmen de la Cuesta Benjumea |
| 260 |
_aMedellín (Antioquia, Colombia) _bEditorial Universidad de Antioquia _c1999 |
||
| 300 | _a311 páginas | ||
| 490 | _aColección Yuluka. Salud Pública | ||
| 504 | _aIncluye bibliografía e índice | ||
| 650 | 0 | 4 |
_aMedicina _vAspectos sociales _9225 |
| 650 | 0 | 4 |
_aSalud pública _98073 |
| 650 | 0 | 4 |
_aSociología _9386 |
| 700 | 1 |
_aDe LA CUESTA BENJUMEA, Carmen _ecomp. _9162204 |
|
| 942 |
_cLIBRO _a15 _e1 _mS181 _2NLM _hWA 30 _n0 |
||
| 999 |
_c47665 _d47665 |
||